A cseh fürdőkultúra helyzete napjainkban, a fejlesztési lehetőségek bemutatása, elemzése - kiemelten Karlovy Vary és Marianské Lázně fürdővárosokban

Bibliográfiai részletek
Szerző: Vargová Lilla
További közreműködők: Kiss Dr. Ferenc
Dokumentumtípus: Diplomadolgozat
Kulcsszavak:Gyógykezelés, balneoterápia
Fürdőkultúra, cseh
Szállodalánc, Danubius, Csehországban
Turizmusfejlesztés
Gyógyfürdőfejlesztés
Esettanulmány
Elemzés
Online Access:http://dolgozattar.uni-bge.hu/59412

MARC

LEADER 00000nta a2200000 i 4500
001 dolg59412
005 20260115092104.0
008 260115suuuu hu om 000 hun d
040 |a BGE Dolgozattár Repozitórium  |b hun 
041 |a hu 
100 1 |a Vargová Lilla 
245 1 2 |a A cseh fürdőkultúra helyzete napjainkban, a fejlesztési lehetőségek bemutatása, elemzése - kiemelten Karlovy Vary és Marianské Lázně fürdővárosokban  |c Vargová Lilla  |h [elektronikus dokumentum] 
695 |a Gyógykezelés, balneoterápia 
695 |a Fürdőkultúra, cseh 
695 |a Szállodalánc, Danubius, Csehországban 
695 |a Turizmusfejlesztés 
695 |a Gyógyfürdőfejlesztés 
695 |a Esettanulmány 
695 |a Elemzés 
700 1 |a Kiss Dr. Ferenc  |e ths 
856 4 0 |u http://dolgozattar.uni-bge.hu/59412/1/Vargova-Lilla.pdf  |z Dokumentum-elérés